000
00219 a2200097 4500
001
58591
100
_a
245
_a
Engineering Graphic Fundamentals
260
_a
Singapore
_b
Mc Graw Hill
_c
1995
090
_c
35945
_d
35945
942
_a
NUST-CAE
_c
_c
28830
999
_c
293664
_d
293664